| 000 -LEADER |
| fixed length control field |
01512cam a22004095a 4500 |
| 020 ## - INTERNATIONAL STANDARD BOOK NUMBER |
| ISBN |
9780985248314 |
| 020 ## - INTERNATIONAL STANDARD BOOK NUMBER |
| ISBN |
0985248319 |
| 020 ## - INTERNATIONAL STANDARD BOOK NUMBER |
| ISBN |
9780985248321 |
| 020 ## - INTERNATIONAL STANDARD BOOK NUMBER |
| ISBN |
0985248327 |
| 020 ## - INTERNATIONAL STANDARD BOOK NUMBER |
| ISBN |
9780985248338 |
| 020 ## - INTERNATIONAL STANDARD BOOK NUMBER |
| ISBN |
0985248335 |
| 040 ## - CATALOGING SOURCE |
| Transcribing agency |
DLC |
| 082 ## - DEWEY DECIMAL CLASSIFICATION NUMBER |
| Classification number |
822 POT 2012 A097 Or. |
| 245 00 - TITLE STATEMENT |
| Title |
#Cyberdoc : |
| Remainder of title |
no borders - no boundaries : national doctrine for the cyber era / |
| 246 30 - VARYING FORM OF TITLE |
| Title proper/short title |
Cyberdoc |
| 246 30 - VARYING FORM OF TITLE |
| Title proper/short title |
National doctrine for the cyber era |
| 260 ## - PUBLICATION, DISTRIBUTION, ETC. (IMPRINT) |
| Place of publication |
Arlington, VA : |
| Name of publisher |
Potomac Institute Press, |
| Year of publication |
©2012. |
| 300 ## - PHYSICAL DESCRIPTION |
| Number of Pages |
pages |
| 500 ## - GENERAL NOTE |
| General note |
Discussion papers and final report from the Battelle Doctrine Project conference held at The Founders Inn, Virginia Beach, Virginia, on June 7-10, 2012, sponsored by the Battelle Memorial Institute and the Potomac Institute for Policy Studies. |
| 520 ## - SUMMARY, ETC. |
| Summary, etc |
Intended to promote a debate on a national-level doctrine for the cyber era, and what it should entail.--Publisher. |
| 650 #0 - SUBJECT ADDED ENTRY--TOPICAL TERM |
| Topical Term |
Computers and civilization |
| 650 #0 - SUBJECT ADDED ENTRY--TOPICAL TERM |
| Topical Term |
Internet |
| 650 #0 - SUBJECT ADDED ENTRY--TOPICAL TERM |
| Topical Term |
Cyber intelligence (Computer security) |
| 650 #0 - SUBJECT ADDED ENTRY--TOPICAL TERM |
| Topical Term |
Cyberinfrastructure |
| 650 #0 - SUBJECT ADDED ENTRY--TOPICAL TERM |
| Topical Term |
Information warfare |
| 650 #0 - SUBJECT ADDED ENTRY--TOPICAL TERM |
| Topical Term |
National security |
| 650 #0 - SUBJECT ADDED ENTRY--TOPICAL TERM |
| Topical Term |
Cyberterrorism |
| 650 #0 - SUBJECT ADDED ENTRY--TOPICAL TERM |
| Topical Term |
Sabotage |
| 650 #0 - SUBJECT ADDED ENTRY--TOPICAL TERM |
| Topical Term |
Computer security |
| 650 #0 - SUBJECT ADDED ENTRY--TOPICAL TERM |
| Topical Term |
Computer networks |
| 650 #0 - SUBJECT ADDED ENTRY--TOPICAL TERM |
| Topical Term |
Data protection |
| 700 1# - ADDED ENTRY--PERSONAL NAME |
| Personal name |
Sample, Timothy R. |
| 700 1# - ADDED ENTRY--PERSONAL NAME |
| Personal name |
Swetnam, Michael S. |
| 710 2# - ADDED ENTRY--CORPORATE NAME |
| Corporate name or jurisdiction name as entry element |
Potomac Institute for Policy Studies. |
| 710 2# - ADDED ENTRY--CORPORATE NAME |
| Corporate name or jurisdiction name as entry element |
Battelle Memorial Institute. |
| 942 ## - ADDED ENTRY ELEMENTS (KOHA) |
| Koha item type |
សៀវភៅភាសាអង់គ្លេស |
| 952 ## - LOCATION AND ITEM INFORMATION (KOHA) |
| Withdrawn status [LOCAL, KOHA] |
0 |